000 004500000a22001690004500
003 MACL
005 20160102142924.0
008 160102b xxu||||| |||| 00| 0 eng d
040 _aMACL
_cMACL
041 _aEnglish
082 _a681/HAS
100 _aHasluck, Paul N
_927178
245 _aWatch Jobbers Handybook
_bA practial Manual
260 _bCrosby Lockwook & Son Ltd
_c1889
_aLondon
650 _aTechnology
_927179
942 _cBK
_k681/HAS
_2ddc
999 _c38124
_d38124